Solved Papers in Nursing Administration (Record no. 158232)

MARC details
000 -LEADER
fixed length control field 00366nam a2200133Ia 4500
008 - FIXED-LENGTH DATA ELEMENTS--GENERAL INFORMATION
fixed length control field 230411s9999 xx 000 0 und d
041 ## - LANGUAGE CODE
Language code of text/sound track or separate title eng
082 ## - DEWEY DECIMAL CLASSIFICATION NUMBER
Classification number AD/610.6/VEE/B08608
100 ## - MAIN ENTRY--PERSONAL NAME
Personal name Veerabhadrappa GM
9 (RLIN) 106523
245 ## - TITLE STATEMENT
Title Solved Papers in Nursing Administration
260 ## - PUBLICATION, DISTRIBUTION, ETC. (IMPRINT)
Name of publisher, distributor, etc. S Vikas and Co
Place of publication, distribution, etc. Jalandhar
Date of publication, distribution, etc. 2016
300 ## - PHYSICAL DESCRIPTION
Extent 251p
Holdings
Withdrawn status Lost status Damaged status Not for loan Collection code Home library Current library Date acquired Vendor Cost, normal purchase price Bill number Shelving control number Total Checkouts Total Renewals Full call number Barcode Date last seen Date last checked out Cost, replacement price Bill Date Koha item type Original Barcode
          Smt. Bakul Tambat Institute of Nursing Education Smt. Bakul Tambat Institute of Nursing Education 30/03/2017 Samutkarsh 225.00 1435 2 5 2 AD 610.6 VEE B08608 BTIN-BK-8608 02/07/2025 18/06/2025 164.25 30/03/2017 Books B08608